| 000 | 00994nam a2200313Ia 4500 | ||
|---|---|---|---|
| 003 | OSt | ||
| 005 | 20221007121544.0 | ||
| 006 | a|||||r|||| 00| 0 | ||
| 007 | ta | ||
| 008 | 221006b |||||||| |||| 00| 0 eng d | ||
| 020 | _a9789811320224 (hbk) | ||
| 024 | _a199942 | ||
| 037 |
_b140, 12/03/2019, N R Book Distributors _cTextual |
||
| 040 |
_aBDL _cBDL _beng |
||
| 041 |
_2eng _aeng |
||
| 082 | _aI:3, Q8;1 Carb | ||
| 100 |
_aBhatla Satish C _9523384 |
||
| 245 | 0 |
_aPlant physiology, development and metabolism _b Lal Manju A |
|
| 260 |
_aSingapore _bSpringer _c2018 |
||
| 300 |
_axxxiv, 1237p. col. ill. _ccm. |
||
| 500 | _aGlossary 1189-1237p. | ||
| 650 |
_a Biotic stress _9712385 |
||
| 650 | _a Metabolism | ||
| 650 |
_a Stress physiology _9712386 |
||
| 650 | _aBotany | ||
| 700 |
_a Lal Manju A _9712387 |
||
| 942 |
_hI:3, Q8;1 Carb _cTEXL _2CC |
||
| 999 |
_c1209022 _d1209022 |
||